Szybkie liczenie 1-100 od tyłu - Statystyki

Ogólne statystyki
  • Ten quiz został rozwiązany 2 240 razy
  • Średni wynik to 21 z 100
Statystyki odpowiedzi
Liczby % Poprawnych
100
100%
99
97%
98
95%
97
94%
95
93%
96
93%
93
91%
94
91%
92
90%
91
88%
90
81%
89
78%
88
72%
87
70%
86
68%
85
66%
84
64%
83
62%
82
59%
81
56%
80
49%
79
43%
78
40%
77
36%
76
34%
75
31%
74
29%
73
25%
72
24%
71
22%
70
16%
69
13%
68
11%
67
10%
66
9%
65
8%
63
7%
64
7%
61
6%
62
6%
59
4%
60
4%
56
3%
57
3%
58
3%
46
2%
47
2%
48
2%
49
2%
50
2%
51
2%
52
2%
53
2%
54
2%
55
2%
1
1%
2
1%
33
1%
34
1%
35
1%
36
1%
37
1%
38
1%
39
1%
40
1%
41
1%
42
1%
43
1%
44
1%
45
1%
10
0%
11
0%
12
0%
13
0%
14
0%
15
0%
16
0%
17
0%
18
0%
19
0%
20
0%
21
0%
22
0%
23
0%
24
0%
25
0%
26
0%
27
0%
28
0%
29
0%
3
0%
30
0%
31
0%
32
0%
4
0%
5
0%
6
0%
7
0%
8
0%
9
0%
Nie znaleziono quizów pasujących do podanych kryteriów
Rozkład punktacji
Procent ludzi z każdym wynikiem
Percentyl według liczby udzielonych odpowiedzi
Twoja historia wyników
Nie rozwiązałeś tego quizu